00627cam a22001697a 4500008004000000020001500040082001600055100002300071245006300094260002900157300001000186650004800196650005300244650005400297999001900351952008700370180718b2002 xxu||||| |||| 00| 0 eng d a8176621978 aA6x5431 R18 aRao, H.S. Gururaja aLegal aspects of the Kashmir problemcby H.S. Gururaja Rao aNew DelhibMinervac2002 a595p. aJammu and Kashmir - Politics and government aPolitical corruption - India - Jammu and Kashmir aJammu and Kashmir - History - Law and legislation c402526d402526 00104070aIIPAbIIPAd2004-04-27oA6x5431 R18p79209r2018-07-21w2018-07-21yBK